[Event "SWE-ch"]
[Site "Ronneby"]
[Date "1998.??.??"]
[Round "9"]
[White "Lejlic, Samir"]
[Black "Hellsten, Johan"]
[Result "0-1"]
[WhiteElo "2415"]
[BlackElo "2460"]

1.e4 c5 2.Nf3 e6 3.d4 cxd4 4.Nxd4 a6 5.Nc3 Qc7 6.g3 Nf6 7.Bg2 Nc6 8.O-O Bc5
9.Nb3 Ba7 10.Qe2 Ne5 11.a4 d6 12.h3 Rg8 13.Be3 Bxe3 14.Qxe3 Bd7 15.Nd2 g5
16.Qd4 g4 17.h4 Rc8 18.Rad1 Ke7 19.Qb4 Qc5 20.Qxb7 Rb8 21.Qxa6 Rb6 22.Qe2 Rxb2
23.Ndb1 Ra8 24.Rd2 Bxa4 25.Rfd1 Rb6 26.Nxa4 Rxa4 27.c4 Rxc4 28.Ra2 Rb7 29.Rad2 Rc1
30.Rxc1 Qxc1+ 31.Rd1 Qc5 32.Qd2 Rc7 33.Nc3 Nf3+ 34.Bxf3 gxf3 35.Nb5  0-1

[Event "Saint Quentin op"]
[Site "Saint Quentin"]
[Date "1998.??.??"]
[Round "3"]
[White "Te, Roza"]
[Black "Velikov, Petar"]
[Result "1/2-1/2"]
[WhiteElo "2295"]
[BlackElo "2475"]

1.e4 c5 2.Nf3 e6 3.d4 cxd4 4.Nxd4 a6 5.Nc3 b5 6.a3 Bb7 7.Bd3 d6 8.O-O Nf6
9.Kh1 Nbd7 10.f4 Be7 11.Qf3 Nc5 12.b4 Nxd3 13.cxd3 Rc8 14.Bb2 O-O 15.Qg3 Re8
16.Rae1 Bf8 17.Re2 Rc7 18.Ref2 g6 19.f5 Bg7 20.fxe6 fxe6 21.Nce2 e5 22.Nf3 Nh5
23.Qg5 Rc2 24.Qxd8 Rxd8 25.Nc3 Rxf2 26.Rxf2 Nf4 27.Rd2 Bh6 28.g3 Ne6 29.Re2 Rc8
30.Kg2 Kf7 31.Nd5 Bxd5 32.exd5 Nc7 33.Rc2 Ke7 34.Rc6 Kd7 35.Bxe5 Bf8 36.Bd4 Bh6
37.Be5 Ne8 38.Rxa6 Rc2+ 39.Kh3 Rf2 40.Ra7+ Nc7 41.Bd4 Rxf3 42.Bb6 Rxd3 43.Rxc7+ Ke8
44.Rxh7 Bc1 45.Ra7 Bxa3 46.Ra5 Bxb4 47.Rxb5 Bd2 48.Kg4 Ke7 49.Bc7 Rd4+ 50.Kf3 Bc1  1/2-1/2

[Event "ESP-chT"]
[Site "Salamanca"]
[Date "1998.??.??"]
[Round "3"]
[White "Sanz Alonso, Francisco Javier"]
[Black "Magem Badals, Jorge"]
[Result "0-1"]
[WhiteElo "2440"]
[BlackElo "2540"]

1.e4 c5 2.Nf3 e6 3.d4 cxd4 4.Nxd4 a6 5.Nc3 b5 6.Bd3 Qb6 7.Nb3 Qc7 8.O-O Nf6
9.f4 d6 10.e5 Nfd7 11.exd6 Bxd6 12.Ne4 Be7 13.a4 b4 14.Bd2 Nc6 15.Kh1 O-O
16.Qh5 g6 17.Qh6 Nf6 18.Ng5 Rd8 19.Rae1 Bf8 20.Qh4 Bg7 21.Nc5 h6 22.Nf3 Qe7
23.Ne4 Nxe4 24.Qxe7 Nxe7 25.Bxe4 Rb8 26.b3 a5 27.Be3 Ba6 28.Rg1 f5 29.Bd3 Bxd3
30.cxd3 Rxd3 31.Bc5 Nd5 32.Rxe6 Nxf4 33.Ra6 Rxb3 34.Bd6 Nd3 35.Rf1 Rc8 36.Rxa5 Rbc3
37.Ne5 Rc1 38.Kg1 Bxe5 39.Bxe5 b3 40.Bf6 b2  0-1

[Event "ESP-chT"]
[Site "Salamanca"]
[Date "1998.??.??"]
[Round "5"]
[White "Ayza Ballester, Jordi"]
[Black "Paramos Dominguez, Roberto"]
[Result "0-1"]
[WhiteElo "2290"]
[BlackElo "2435"]

1.e4 c5 2.Nf3 e6 3.d4 cxd4 4.Nxd4 a6 5.Nc3 Qc7 6.Be2 Nf6 7.O-O Bb4 8.Qd3 Nc6
9.Nxc6 bxc6 10.f4 d5 11.e5 Nd7 12.Kh1 Bb7 13.Bd2 Be7 14.Rae1 g6 15.Na4 c5
16.c4 d4 17.Bf3 Rb8 18.b3 h5 19.Nb2 h4 20.h3 Bxf3 21.Qxf3 Qb7 22.Qe2 Rh5
23.Nd3 Rf5 24.Nf2 Qc6 25.Ne4 a5 26.Kh2 Rh5 27.Rb1 a4 28.Rfc1 axb3 29.axb3 Nxe5
30.Nf2 Nd7 31.Nd3 Kf8 32.Re1 Rf5 33.Kg1 Ra8 34.Ra1 Qb7 35.Rxa8+ Qxa8 36.Qd1 Qb7
37.Kh1 Nf6 38.Re5 Ne4 39.Rxf5 Ng3+ 40.Kh2 Nxf5 41.Nf2 Bd6 42.Kg1 Ke7 43.Qf3 Qa6
44.Ne4 Qa1+ 45.Qf1 Qb2 46.Qd3 Ng3 47.Nxg3 hxg3 48.Kf1 Bxf4 49.Be1 Qc1 50.Ke2 Qe3+
51.Qxe3 dxe3 52.Kf3 e5 53.b4 cxb4 54.Bxb4+ Ke6 55.Bc5 f5 56.h4 Kd7 57.Bb4 Kc6
58.Bf8 e2 59.Kxe2 e4 60.Ba3 Bd6 61.Bc1 Be7 62.Bf4 Bxh4 63.Kd2 Kc5 64.Kc3 Bf6+
65.Kb3 g5 66.Bxg3 f4 67.Be1 f3  0-1

[Event "Salsomaggiore Terme op"]
[Site "Salsomaggiore Terme"]
[Date "1998.??.??"]
[Round "1"]
[White "Isonzo, Davide"]
[Black "Farago, Ivan"]
[Result "0-1"]
[WhiteElo "2235"]
[BlackElo "2475"]

1.e4 c5 2.Nf3 e6 3.d4 cxd4 4.Nxd4 a6 5.Nc3 Qc7 6.g3 Bb4 7.Ne2 Nf6 8.Bg2 Be7
9.O-O Nc6 10.Nf4 d6 11.Nh5 O-O 12.Bg5 Nd7 13.Bxe7 Nxe7 14.Qd2 Ne5 15.b3 Bd7
16.Ne2 Rac8 17.c4 b5 18.cxb5 Bxb5 19.Rfc1 Qb6 20.Nd4 Rxc1+ 21.Rxc1 Nd3 22.Nxb5 Nxc1
23.Nxd6 Qd4 24.Qxd4 Ne2+ 25.Kf1 Nxd4 26.Nf4 Rd8 27.Nc4 Nb5 28.Ke1 Nc3 29.h3 Rd1+  0-1

[Event "Samobor"]
[Site "Samobor"]
[Date "1998.??.??"]
[Round "10"]
[White "Kober, Mladen"]
[Black "Badea, Bela"]
[Result "1/2-1/2"]
[WhiteElo "2315"]
[BlackElo "2545"]

1.e4 c5 2.Nf3 e6 3.Nc3 a6 4.d4 cxd4 5.Nxd4 Nc6 6.Be2 Qc7 7.O-O Nf6 8.Be3 Bb4
9.Nxc6 bxc6 10.Na4 Be7  1/2-1/2

[Event "Pan American op"]
[Site "San Felipe"]
[Date "1998.??.??"]
[Round "6"]
[White "Hernandez Penna, Sabina"]
[Black "Hernandez, Yudania"]
[Result "0-1"]
[WhiteElo "2085"]
[BlackElo "2275"]

1.e4 c5 2.Nf3 e6 3.d4 cxd4 4.Nxd4 a6 5.Nc3 Qc7 6.f4 Nc6 7.Nf3 Bc5 8.Bd3 b5
9.e5 f5 10.Qe2 Bb7 11.a4 b4 12.Nd1 Nh6 13.Be3 Ne7 14.Bxc5 Qxc5 15.Ne3 Nd5
16.Nxd5 Bxd5 17.Bxa6 Rxa6 18.Qd2 O-O 19.Nd4 Rfa8 20.b3 Rc8 21.Rd1 Qc3 22.O-O Qxd2
23.Rxd2 Be4 24.h3 Nf7 25.Nb5 Bd5 26.Rff2 Kf8 27.Rd4 g5 28.g3 gxf4 29.gxf4 d6
30.exd6 Nxd6 31.Nxd6 Rxd6 32.Rxb4 Be4 33.c4 Rd1+ 34.Rf1 Rd3 35.Kh2 Ke7 36.Rf2 Rg8
37.c5 Rd1 38.Rxe4 fxe4 39.b4 e3 40.Re2 Rd2  0-1

[Event "San Jose op"]
[Site "San Jose"]
[Date "1998.??.??"]
[Round "5"]
[White "Lorente Latorre, Antonio"]
[Black "Bayod, A."]
[Result "1/2-1/2"]
[WhiteElo "1895"]
[BlackElo "2165"]

1.e4 c5 2.Nf3 e6 3.d4 cxd4 4.Nxd4 a6 5.Nc3 Qc7 6.Bd3 Nf6 7.O-O Nc6 8.Nf3 d6
9.Bf4 Be7 10.Re1 Ne5 11.Nxe5 dxe5 12.Be3 O-O 13.Qe2 b5 14.a4 b4 15.Na2 a5
16.b3 Bb7 17.Bd2 Rfd8 18.Rad1 Rac8 19.Bg5 Ne8 20.Bxe7 Qxe7 21.Rc1 Nf6 22.c3 bxc3
23.Nxc3 Qb4 24.Qc2 Rd4 25.f3 Rcd8 26.Red1 Qc5 27.Kh1 h6 28.Bc4 Qb4 29.Rd3 Rxd3
30.Bxd3 Nh5 31.g3 Qd4 32.Rd1 Qe3 33.Qe2 Qc5 34.Qc2 Rc8 35.Bc4 Nf6 36.Nb5 Bc6
37.Nc3 Qe3 38.Rd3 Qe1+ 39.Kg2 g5 40.Qd1 Qxd1 41.Rxd1 g4 42.h3 h5 43.hxg4 hxg4
44.Ba6 gxf3+ 45.Kxf3 Bb7 46.Bc4 Ba6 47.Nb5 Bb7 48.Nd6 Rd8 49.Rd3 Ba8 50.g4 Nh7
51.Nb5  1/2-1/2

[Event "San Jose op"]
[Site "San Jose"]
[Date "1998.??.??"]
[Round "9"]
[White "Gomez Anadon, Jorge"]
[Black "Peirona, JJ."]
[Result "1/2-1/2"]
[WhiteElo "1725"]
[BlackElo "2015"]

1.e4 c5 2.Nf3 e6 3.d4 cxd4 4.Nxd4 a6 5.Nc3 Nc6 6.Bc4 Qc7 7.a3 Bc5 8.Be3 Nf6
9.Bb3 Ne5 10.h3 d6 11.O-O O-O 12.Qd2 b5 13.Bg5 Ne8 14.Kh1 Bxd4 15.Qxd4 Bb7
16.f4 Ng6 17.f5 exf5 18.exf5 Ne5 19.Nd5 Bxd5 20.Bxd5 Rc8 21.c3 Kh8 22.f6 g6
23.Bh6 Rg8 24.Qe4 Qb6  1/2-1/2

[Event "Sao Paulo State-ch1"]
[Site "Santa Barbara d'Oeste"]
[Date "1998.??.??"]
[Round "?"]
[White "Van Riemsdijk, Herman C"]
[Black "Fernandez, Rodrigo Amaral"]
[Result "1/2-1/2"]
[WhiteElo "2375"]
[BlackElo "2275"]

1.e4 c5 2.Nf3 e6 3.d4 cxd4 4.Nxd4 a6 5.Nc3 b5 6.Bd3 Qb6 7.Nb3 Qc7 8.Bd2 Bb7
9.a4 b4 10.Na2 Nf6 11.Qe2 d5 12.e5 Nfd7 13.f4 Nc6 14.O-O g6 15.Be3 Be7 16.Qf2 Na5
17.Nxa5 Qxa5 18.Nc1 O-O 19.Nb3 Qc7 20.Rfc1 Rfc8 21.c4 bxc3 22.Rxc3 Qd8 23.Rac1 Bb4
24.Rxc8 Rxc8 25.Rxc8 Qxc8 26.Qc2 Qxc2 27.Bxc2 Kf8 28.Kf2 Ke7 29.Nc1 Kd8 30.Nd3 Be7
31.Bd4 Kc7 32.Ke3 h5 33.g3 a5 34.Nc1 Bb4 35.Na2 Be7 36.Bd3 Nc5 37.Bc2 Nd7
38.Nc3 Ba6 39.Nd1 Nb8 40.Nf2 Nc6 41.Bd3 Bxd3 42.Nxd3 Nb4  1/2-1/2

[Event "Liechtenstein op"]
[Site "Schaan"]
[Date "1998.??.??"]
[Round "5"]
[White "Mantovani, Renzo"]
[Black "Fancsy, Imre"]
[Result "1/2-1/2"]
[WhiteElo "2365"]
[BlackElo "2385"]

1.e4 c5 2.Nf3 e6 3.d4 cxd4 4.Nxd4 a6 5.Nc3 Qc7 6.Bd3 Nc6 7.Nxc6 dxc6 8.f4 e5
9.fxe5 Ne7 10.Bc4 Ng6 11.e6 Bxe6 12.Bxe6 fxe6  1/2-1/2

[Event "Staufer op 10th"]
[Site "Schwaebisch Gmuend"]
[Date "1998.??.??"]
[Round "3"]
[White "Dueren, Jerome"]
[Black "Prusikin, Mikhajlo"]
[Result "0-1"]
[WhiteElo "2185"]
[BlackElo "2430"]

1.e4 c5 2.Nf3 e6 3.d4 cxd4 4.Nxd4 a6 5.Nc3 Qc7 6.Be3 Nf6 7.Be2 Bb4 8.Bd2 Bxc3
9.Bxc3 Nxe4 10.Bb4 d6 11.O-O e5 12.Nf3 Nd7 13.c4 O-O 14.Bd3 Nec5 15.Bc2 Nf6
16.b3 Bg4 17.Qd2 Bxf3 18.gxf3 Nh5 19.Rad1 Rad8 20.Qg5 Nf4 21.Qh4 g6 22.Bd2 Nce6
23.Be3 d5 24.cxd5 Qxc2  0-1

[Event "Seefeld op 9th"]
[Site "Seefeld"]
[Date "1998.??.??"]
[Round "6"]
[White "Luett, Michael"]
[Black "Rahls, Peter"]
[Result "0-1"]
[WhiteElo "2125"]
[BlackElo "2205"]

1.e4 c5 2.Nc3 e6 3.Nf3 a6 4.d4 cxd4 5.Nxd4 b5 6.Bf4 d6 7.Bg3 Bb7 8.Bd3 Nf6
9.Qe2 Nbd7 10.a3 Be7 11.O-O Rc8 12.Rad1 O-O 13.e5 dxe5 14.Bxe5 Qb6 15.Nb3 Nxe5
16.Qxe5 Rfd8 17.Ne2 Rd5 18.Qf4 Bd6 19.Qe3 Bxh2+ 20.Kh1 Qc7 21.Ng3 Re5 22.Qd4 Bxg3
23.fxg3 Rg5 24.Qf4 Qxf4 25.Rxf4 Rxg3 26.Rd2 Nd5 27.Rd4 g6 28.Na5 Ba8 29.c4 bxc4
30.Bxc4 Kg7 31.Bxa6 Rc1+ 32.Kh2 Rg5 33.Nb3 Re1 34.Re2 Rb1 35.Nc5 Ne3 36.Bd3 Rd1  0-1

[Event "Seefeld op 9th"]
[Site "Seefeld"]
[Date "1998.??.??"]
[Round "7"]
[White "Veinger, Itzchak"]
[Black "Goldstern, Flip"]
[Result "1-0"]
[WhiteElo "2345"]
[BlackElo "2350"]

1.e4 c5 2.Nf3 e6 3.Nc3 a6 4.d4 cxd4 5.Nxd4 b5 6.Be3 Bb7 7.Bd3 Qc7 8.O-O Nf6
9.a3 d6 10.f3 Nbd7 11.a4 b4 12.Na2 d5 13.Qe1 Bd6 14.Qh4 Ne5 15.Qh3 dxe4 16.fxe4 Neg4
17.Kh1 Nxe3 18.Qxe3 Bc5 19.c3 bxc3 20.bxc3 Qxh2+ 21.Kxh2 Ng4+ 22.Kg3 Nxe3
23.Rf3 Rd8 24.Rb1 Ba8 25.Nb4 Nf5+ 26.exf5 Bxf3 27.gxf3 Bxd4 28.cxd4 Rxd4
29.Bxa6 Kd7 30.Bb5+ Kd6 31.fxe6 fxe6 32.Nc2 Rd2 33.Ne3 Ra2 34.Rd1+ Kc5 35.Rd7 h5
36.Rxg7 Kd4 37.Ng2 Ra1 38.Rg6 e5 39.Rd6+ Kc5 40.Rc6+ Kb4 41.Rc4+ Ka5 42.Rc2 Rg8+
43.Kh2 Ra3 44.Nh4 e4 45.f4 Rg4 46.Ng2 h4 47.Re2 Rf3 48.f5 Rxf5 49.Ne3 Rxb5
50.axb5 Rg3 51.Rb2 Kb6 52.Nc4+ Kc5 53.b6 Kxc4 54.b7 Rg8 55.b8=Q Rxb8 56.Rxb8 Kd3
57.Kg2  1-0

[Event "Seefeld op 9th"]
[Site "Seefeld"]
[Date "1998.??.??"]
[Round "9"]
[White "Pilz, Dieter"]
[Black "Goldstern, Flip"]
[Result "0-1"]
[WhiteElo "2260"]
[BlackElo "2350"]

1.e4 c5 2.Nf3 e6 3.Nc3 a6 4.d4 cxd4 5.Nxd4 b5 6.a3 Bb7 7.Bd3 Qc7 8.O-O Nf6
9.Re1 Bc5 10.Be3 O-O 11.Qe2 d6 12.Rad1 Nbd7 13.h3 Rfd8 14.f4 b4 15.axb4 Bxb4
16.Bf2 Bxc3 17.bxc3 Qxc3 18.e5 Nd5 19.Qe4 g6 20.exd6 Nc5 21.Qf3 Rxd6 22.f5 exf5
23.Ne2 Qa5 24.Qg3 Nxd3 25.Rxd3 Re6 26.Rb1 Rxe2 27.Rxb7 Rae8 28.Kh2 Nf6 29.Bd4 Ne4
30.Qb8 Qd8 31.Qxd8 Rxd8 32.Bb2 Rd2 33.Rxd2 Nxd2 34.Rc7 Rb8 35.Bd4 Rd8 36.Bb2 Ra8
37.Kg3 a5 38.Kf4 a4 39.Ba3 h6 40.Ke3 Nb1 41.Bb2 a3 42.Ba1 a2 43.c4 Ra3+ 44.Kd4 Nd2
45.Rc8+ Kh7 46.Kd5 g5 47.g4 fxg4 48.hxg4 Rd3+ 49.Kc6 f6 50.Bxf6 Nxc4 51.Rc7+ Kg8
52.Kc5 Ne3 53.Rg7+ Kf8 54.Ra7 Nxg4 55.Bg7+ Kg8 56.Bd4 Ne3 57.Rxa2 Nf5 58.Be5 Kh7
59.Ra6 g4 60.Kc4 Rd1 61.Rf6 Ne3+ 62.Kb3 Rd3+ 63.Ka2 Rd5 64.Bf4 Nf5 65.Rf7+ Kg6
66.Rf8 Kh5 67.Rg8 Kh4 68.Rg6 h5 69.Rg5 g3 70.Kb2 Rd4 71.Rxf5 Kg4 72.Be5 Kxf5
73.Bxd4 h4 74.Bb6 h3  0-1

[Event "RUS-ch"]
[Site "Sochi"]
[Date "1998.??.??"]
[Round "7"]
[White "Bykhovsky, Anatoly A"]
[Black "Radevich, Boris"]
[Result "1-0"]
[WhiteElo "2420"]
[BlackElo "2230"]

1.e4 c5 2.Nf3 e6 3.d4 cxd4 4.Nxd4 a6 5.Nc3 Qc7 6.g3 Nf6 7.Bg2 h5 8.h3 Nc6
9.O-O Nxd4 10.Qxd4 Bc5 11.Bf4 d6 12.Qd3 Nd7 13.Na4 e5 14.Bg5 f6 15.Bd2 Bd4
16.c3 Ba7 17.b3 b5 18.Nb2 Nc5 19.Qe2 Bb7 20.h4 Qc6 21.Nd3 Nxd3 22.Qxd3 f5
23.Rae1 O-O 24.Qd5+ Qxd5 25.exd5 Rac8 26.Rc1 Rf7 27.Rfd1 Bc5 28.a4 bxa4 29.b4 Bb6
30.Ra1 e4 31.Rxa4 Bxd5 32.Rxa6 Rb7 33.Bf1 Bc4 34.Bxc4+ Rxc4 35.Be1 Bc7 36.Kf1 Kf7
37.Ke2 Ke6 38.Bd2 Rb6 39.Rda1 Rxa6 40.Rxa6 Kd7 41.Kd1 d5 42.Kc2 Rc6  1-0

[Event "ROM-chT"]
[Site "Sovata"]
[Date "1998.??.??"]
[Round "1"]
[White "Ionica, Iulia"]
[Black "Marin Ionescu, Luiza"]
[Result "1-0"]
[WhiteElo "2185"]
[BlackElo "2175"]

1.e4 c5 2.Nf3 e6 3.d4 cxd4 4.Nxd4 a6 5.Nc3 Qc7 6.Be2 Nf6 7.f4 Bb4 8.Qd3 d5
9.e5 Ne4 10.Bd2 Nxd2 11.Qxd2 Nc6 12.Nb3 Na5 13.Qd4 Bxc3+ 14.bxc3 O-O 15.O-O Bd7
16.Rf3 Rac8 17.Kh1 Nxb3 18.cxb3 Qc5 19.Qd2 Bb5 20.Rh3 Qf2 21.c4 dxc4 22.Rf1 Qc5
23.a4 Bc6 24.Bxc4 Be4 25.Qe2 Qc6 26.Bd3 Bxd3 27.Rxd3 Rfd8 28.Rfd1 Rxd3 29.Qxd3 g6
30.h3 h5 31.Kh2 b5 32.a5 Kg7 33.Qd6 Qxd6 34.exd6 Kf6 35.d7 Rd8 36.Rd6 Ke7
37.Rxa6 Rxd7 38.Rb6 Ra7 39.Rxb5  1-0

[Event "St Petersburg-ch (Women)"]
[Site "St Petersburg"]
[Date "1998.??.??"]
[Round "?"]
[White "Khramtsova, Elena"]
[Black "Rakitskaja, M."]
[Result "0-1"]
[WhiteElo "2150"]
[BlackElo "2160"]

1.e4 c5 2.Nf3 e6 3.d4 cxd4 4.Nxd4 a6 5.Nc3 Qc7 6.Be2 Nf6 7.O-O Nc6 8.Nxc6 bxc6
9.f4 Bc5+ 10.Kh1 d6 11.Bf3 a5 12.Na4 Ba6 13.Nxc5 Bxf1 14.Qxf1 dxc5 15.e5 Nd7
16.Qc4 O-O 17.Be3 Rab8 18.Qc3 Qb6 19.b3 Rfd8 20.Rd1 Nf8 21.Rxd8 Rxd8 22.Bxc5 Qb5
23.h3 Ng6 24.Qe3 Nh4 25.c4 Nxf3 26.gxf3 Qa6 27.Bd6 a4 28.f5 axb3 29.axb3 exf5
30.Qg5 Qa1+ 31.Kg2 Ra8 32.Qxf5 Ra2+ 33.Kg3 Qg1+ 34.Kf4 Qh2+ 35.Ke3 Qd2+ 36.Ke4 Ra8
37.Qd7 c5 38.f4 Qg2+ 39.Ke3 Qg3+ 40.Ke4 Qxb3 41.Bxc5 Qxc4+ 42.Bd4 Qe2+ 43.Kf5 Qf3  0-1

[Event "SVK-chT 9798"]
[Site "SVK"]
[Date "1998.??.??"]
[Round "7"]
[White "Lanc, Alois"]
[Black "Petrik, Karol"]
[Result "1-0"]
[WhiteElo "2390"]
[BlackElo "2220"]

1.e4 c5 2.Nf3 e6 3.d4 cxd4 4.Nxd4 a6 5.Nc3 Nc6 6.Nxc6 bxc6 7.Bd3 d5 8.O-O Nf6
9.Re1 Be7 10.Bf4 Bb7 11.e5 Nd7 12.Qg4 Kf8 13.Rad1 h5 14.Qf3 Kg8 15.Ne2 g5
16.Qg3 h4 17.Qg4 Kf8 18.Nd4 Nc5 19.Bc1 h3 20.g3 Nxd3 21.Rxd3 c5 22.Nf3 d4
23.Bxg5 Qa5 24.Red1 Qxa2 25.Bxe7+ Kxe7 26.Qg5+ Ke8 27.Nxd4 cxd4 28.Rxd4 Bd5
29.c4 Rd8 30.cxd5 Rxd5 31.Rxd5 exd5 32.Qf6 Rg8 33.Qc6+ Kf8 34.Qd6+ Kg7 35.Qf6+ Kh7
36.Qxf7+ Rg7 37.Qh5+ Kg8 38.Rc1 Re7  1-0

[Event "EST-chT"]
[Site "Tallinn"]
[Date "1998.??.??"]
[Round "3"]
[White "Karai, Deniss"]
[Black "Sergejev, Roman"]
[Result "0-1"]
[WhiteElo "2070"]
[BlackElo "2385"]

1.e4 c5 2.Nf3 e6 3.d4 cxd4 4.Nxd4 a6 5.Nc3 b5 6.a3 Qc7 7.Be2 Bb7 8.Bf3 d6
9.O-O Nd7 10.a4 bxa4 11.Rxa4 Ngf6 12.Qe2 Ne5 13.Bf4 Nfd7 14.Rfa1 Be7 15.Nb3 Bf6
16.Nb5 Qb8 17.N5d4 Nb6 18.Rb4 Qc7 19.Na5 Bc8 20.Bxe5 dxe5 21.Nc4 Rb8 22.Nb3 O-O
23.Ra5 Be7 24.Rxb6 Rxb6 25.Nxb6 Qxb6 26.Rxe5 Bf6 27.Rc5 Bxb2 28.Qc4 Bd7 29.e5 Ba3
30.Ra5 Bb5 31.Qc3 Be7 32.Nd4 Bc5 33.Nxb5 Bxf2+ 34.Kh1 axb5 35.g3 b4 36.Qa1 Bd4
37.Qa4 Bc3 38.Ra8 Bxe5 39.Rxf8+ Kxf8 40.Qa8+ Qb8 41.Qe4 g6 42.Qc4 Kg7 43.Kg2 Qd6
44.Kf1 Qd2 45.Be2 Bd4 46.Qd3 Qxd3 47.Bxd3 f5 48.Bc4 e5 49.Ke2 e4 50.Bd5 Kf6
51.h3 Ke5 52.Bf7 g5 53.Be8 f4  0-1

[Event "EST-chT"]
[Site "Tallinn"]
[Date "1998.??.??"]
[Round "3"]
[White "Kulaots, Kaido"]
[Black "Vooremaa, Andres"]
[Result "1-0"]
[WhiteElo "2450"]
[BlackElo "2305"]

1.e4 c5 2.Nf3 e6 3.d4 cxd4 4.Nxd4 a6 5.Nc3 Qc7 6.Be2 Nc6 7.O-O Nf6 8.Kh1 b5
9.Nxc6 dxc6 10.f4 b4 11.e5 bxc3 12.exf6 gxf6 13.b3 f5 14.Qd4 Rg8 15.Qxc3 Bb7
16.Qe3 Bg7 17.c3 c5 18.Bf3 Rc8 19.Ba3 Bf6 20.Rad1 Bxf3 21.Rxf3 h5 22.Qe2 Qa5
23.Bc1 h4 24.Rd6  1-0

[Event "Tatry op"]
[Site "Tatranska Lomnica"]
[Date "1998.??.??"]
[Round "8"]
[White "Mikulas, Dusan"]
[Black "Banas, Jan"]
[Result "0-1"]
[WhiteElo "2265"]
[BlackElo "2425"]

1.e4 c5 2.Nf3 e6 3.d4 cxd4 4.Nxd4 a6 5.Nc3 b5 6.Bd3 Qb6 7.Nb3 Qc7 8.O-O d6
9.Qe1 Nf6 10.a3 Nbd7 11.f4 Be7 12.Kh1 O-O 13.Qg3 Bb7 14.Bd2 Rac8 15.Rae1 e5
16.f5 Kh8 17.Bg5 Nh5 18.Qh3 Bxg5 19.Qxh5 h6 20.f6 Nxf6 21.Rxf6 Bxf6 22.Rf1 Qd8
23.Nd5 Bxd5 24.exd5 e4 25.Bxe4 Bxb2 26.Qf5 g6 27.Qf2 Bg7 28.Nd4 Qb6 29.Rd1 Rc4
30.c3 Rxc3  0-1

[Event "Trinec op9798"]
[Site "Trinec"]
[Date "1998.??.??"]
[Round "?"]
[White "Siekaniec, Jan"]
[Black "Niklasch, Oliver"]
[Result "0-1"]
[WhiteElo "2205"]
[BlackElo "2345"]

1.e4 c5 2.Nf3 e6 3.Nc3 a6 4.d4 cxd4 5.Nxd4 Nc6 6.Be2 d6 7.Be3 Nf6 8.O-O Be7
9.Kh1 O-O 10.f4 Qc7 11.Qe1 Nxd4 12.Bxd4 b5 13.a3 Bb7 14.Bd3 Bc6 15.Qg3 Qb7
16.Rae1 Rad8 17.Qh3 g6 18.Rf3 b4 19.Nd1 bxa3 20.bxa3 Qc7 21.Qh4 e5 22.fxe5 dxe5
23.Be3 Nxe4 24.Qh6 f5 25.Rh3 Rf7 26.Nf2 Bg5 27.Bxg5 Nxf2+ 28.Kg1 Nxh3+ 29.Qxh3 Rd4
30.Bf1 h5 31.Qc3 Be4 32.Qb3 Kg7 33.c3 Rd6 34.Bc4 Rb6 35.Qa4 Rd7 36.Bxa6 Qa7  0-1

[Event "JUG Cup"]
[Site "Ulcinj"]
[Date "1998.??.??"]
[Round "5"]
[White "Simonovic, Aleksandar"]
[Black "Strikovic, Aleksa"]
[Result "0-1"]
[WhiteElo "2430"]
[BlackElo "2565"]

1.e4 c5 2.Nf3 e6 3.d4 cxd4 4.Nxd4 a6 5.Nc3 b5 6.g3 Bb7 7.Bg2 Nf6 8.Qe2 Qc7
9.O-O Nc6 10.Nxc6 Bxc6 11.Bg5 Be7 12.Bxf6 Bxf6 13.Nd5 Qe5 14.f4 Qd4+ 15.Kh1 Bd8
16.c3 Qa7 17.f5 Qb8 18.Qg4 Qe5 19.Nb4 h5 20.Nd3 Qf6 21.Qe2 h4 22.e5 Qh6 23.Bxc6 dxc6
24.g4 O-O 25.Qe4 exf5 26.Rxf5 Bg5 27.Raf1 Be7 28.e6 Qxe6 29.Qxe6 fxe6 30.Rxf8+ Bxf8
31.Ne5 Rd8 32.Kg2 Bc5 33.Nf3 Rd5 34.Re1 Kf7 35.Re2 g5 36.h3 Kf6 37.Nd2 Bd6
38.Ne4+ Ke7 39.Rd2 Bf4 40.Rxd5 cxd5 41.Nc5 Kd6 42.Nd3 e5 43.Kf1 e4 44.Nf2 Bc1
45.Nd1 a5 46.Ke2 Kc5 47.b3 b4 48.Ke1 Bf4 49.Ke2 Be5 50.cxb4+ axb4 51.Ne3 Bf4  0-1

[Event "JUG Cup"]
[Site "Ulcinj"]
[Date "1998.??.??"]
[Round "5"]
[White "Dimitrov, Vladimir"]
[Black "Sokolov, Alexander"]
[Result "1/2-1/2"]
[WhiteElo "2450"]
[BlackElo "2380"]

1.e4 c5 2.Nf3 e6 3.Nc3 a6 4.d4 cxd4 5.Nxd4 Nc6 6.Be2 d6 7.O-O Nf6 8.Be3 Bd7
9.f4 b5 10.Bf3 Rc8 11.e5 dxe5 12.Nxc6 Bxc6 13.Bxc6+ Rxc6 14.Qf3 e4 15.Nxe4 Nxe4
16.Qxe4 Rc4 17.Qf3 Be7 18.Rad1 Qc8 19.c3 O-O 20.f5 e5 21.Rd5 Bf6 22.Rfd1 h6
23.a3 Rd8 24.Rxd8+ Bxd8 25.Qd5 Bf6 26.Qd7 Qa8 27.Qd5 Qc8 28.Qd7 Qa8 29.Qd5 Qc8  1/2-1/2

[Event "JUG Cup"]
[Site "Ulcinj"]
[Date "1998.??.??"]
[Round "7"]
[White "Tseshkovsky, Vitaly"]
[Black "Martinovic, Slobodan"]
[Result "1-0"]
[WhiteElo "2510"]
[BlackElo "2470"]

1.e4 c5 2.Nf3 e6 3.d4 cxd4 4.Nxd4 a6 5.Nc3 Qc7 6.Bd3 Nc6 7.Be3 Nf6 8.O-O Ne5
9.Be2 d6 10.a4 Nc4 11.Bc1 Be7 12.Qd3 Na5 13.Bg5 O-O 14.Rfd1 Rd8 15.Qg3 Nc6
16.Nf5 exf5 17.Bxf6 Bxf6 18.Nd5 Qa5 19.Nxf6+ Kh8 20.Nd5 fxe4 21.c4 Rf8 22.Qxd6 Be6
23.b4 Qd8 24.Nc7 Rc8 25.Nxe6 fxe6 26.Qxe6 Qb6 27.Rf1 Rce8 28.Qh3 Ne7 29.Rad1 Nf5
30.a5 Qf6 31.Bg4 Nh6 32.Bd7 Re7 33.Qe3 Nf7 34.f3 Ne5 35.Bg4 exf3 36.Bxf3 Nxc4
37.Qc5 Ne3 38.Be2 Nxf1 39.Rxf1  1-0

[Event "Vienna op 13th"]
[Site "Vienna"]
[Date "1998.??.??"]
[Round "?"]
[White "Bachofner, Andreas"]
[Black "Kwatschewsky, Leo"]
[Result "1/2-1/2"]
[WhiteElo "2160"]
[BlackElo "2230"]

1.e4 c5 2.Nf3 e6 3.d4 cxd4 4.Nxd4 a6 5.Nc3 b5 6.Bd3 Qb6 7.Nb3 Qc7 8.O-O Bb7
9.Be3 Nf6 10.f4 d6 11.a3 Nbd7 12.Qe2 Be7 13.Rae1 e5 14.Kh1 Rc8 15.Qf3 exf4
16.Qxf4 Ne5 17.Nd4 g6 18.h3 h5 19.Nf3 Nfd7 20.Bd4 Rh7 21.Nd5 Bxd5 22.exd5 Bf6
23.Ng5 Bxg5 24.Qxg5 Qd8 25.Qf4 Qe7 26.a4 Rb8 27.axb5 axb5 28.Re2 h4 29.Qd2 b4
30.c4 Rh5 31.b3 Qg5 32.Be3 Qe7 33.Bd4  1/2-1/2

[Event "Vienna op 13th"]
[Site "Vienna"]
[Date "1998.??.??"]
[Round "?"]
[White "Borriss, Martin"]
[Black "Ostrowski, Andrzej"]
[Result "0-1"]
[WhiteElo "2430"]
[BlackElo "2260"]

1.e4 c5 2.Nf3 e6 3.d4 cxd4 4.Nxd4 a6 5.Nc3 Qc7 6.Be2 b5 7.O-O Bb7 8.Re1 Nc6
9.Nxc6 Bxc6 10.a4 b4 11.Nd5 Bxd5 12.exd5 Nf6 13.Bf3 Rc8 14.dxe6 fxe6 15.a5 Bc5
16.Be3 Bxe3 17.Rxe3 Qxc2 18.Qd6 Kf7 19.g4 Rhd8 20.g5 Qxb2 21.Rd1 Ne8 22.Qxa6 Rc1
23.Qb6 Rdc8 24.Rxc1 Rxc1+ 25.Kg2 Qb1 26.Kg3  0-1

[Event "Vienna op 13th"]
[Site "Vienna"]
[Date "1998.??.??"]
[Round "?"]
[White "Weinzettl, Ernst"]
[Black "Hellmayr, Alois"]
[Result "0-1"]
[WhiteElo "2410"]
[BlackElo "2250"]

1.e4 c5 2.Nf3 e6 3.d4 cxd4 4.Nxd4 a6 5.Nc3 Qc7 6.g3 b5 7.Bf4 d6 8.Bxb5+ Nd7
9.Bxd7+ Bxd7 10.Nb3 Nf6 11.Qd3 Ng4 12.Rd1 Ne5 13.Bxe5 dxe5 14.O-O Be7 15.Rd2 Bc8
16.Rfd1 O-O 17.Qe3 Rb8 18.a3 h6 19.h4 Rb6 20.Na4 Rc6 21.c4 Rxc4 22.Nb6 Rxe4
23.Qxe4 Qxb6 24.Qe3 Qb5 25.Qd3 Qb6 26.Qc3 Bb7 27.Na5 Bd5 28.Rxd5 exd5 29.Rxd5 Bf6
30.b4 Qe6 31.Qd2 Qg4 32.Qd1 Qe4 33.Nb3 Re8 34.Nc5 Qg6 35.Kh2 e4 36.h5 Qh7
37.Qg4 e3 38.Qd7 Rf8 39.fxe3 Qb1 40.Rd1 Qb2+ 41.Qd2 Qxa3 42.Nd7 Re8 43.Nxf6+ gxf6
44.Qd4 Re5 45.Qg4+ Rg5 46.Qf3 Qb2+ 47.Kh3 Qxb4 48.Rd4 Qe7 49.e4 Kg7 50.Rd5 Qe6+
51.g4 Re5 52.Kh4 Rxe4 53.Ra5 Rb4 54.Ra1 Rb3 55.Qf5 Qe3  0-1

[Event "Vienna op 13th"]
[Site "Vienna"]
[Date "1998.??.??"]
[Round "?"]
[White "Trkulja, Zoran"]
[Black "Kwatschewsky, Leo"]
[Result "1/2-1/2"]
[WhiteElo "2170"]
[BlackElo "2230"]

1.e4 c5 2.Nf3 e6 3.d4 cxd4 4.Nxd4 a6 5.Nc3 b5 6.a3 Bb7 7.f4 Nc6 8.Nf3 Bc5
9.Bd3 d6 10.Qe2 Nge7 11.Be3 Qb6 12.Bd2 Nd4 13.Nxd4 Bxd4 14.Nd1 Qc7 15.c3 Bf6
16.Nf2 Nc6 17.O-O O-O 18.Ng4 Qe7 19.Rae1 g6 20.Nxf6+ Qxf6 21.Rf3 Qe7 22.g4 f6  1/2-1/2

[Event "Vienna op 13th"]
[Site "Vienna"]
[Date "1998.??.??"]
[Round "?"]
[White "Trkulja, Goran"]
[Black "Farago, Ivan"]
[Result "0-1"]
[WhiteElo "2300"]
[BlackElo "2475"]

1.e4 c5 2.Nf3 e6 3.d4 cxd4 4.Nxd4 a6 5.Nc3 Qc7 6.f4 Nc6 7.Nf3 d6 8.Bd3 Nf6
9.O-O b5 10.a3 Bb7 11.Qe1 Be7 12.Kh1 O-O 13.e5 Nd7 14.Qg3 dxe5 15.fxe5 Ncxe5
16.Bf4 Bxf3 17.Rxf3 Qc5 18.Ne4 Qd4 19.c3 Qd5 20.Bc2 Nxf3 21.Rd1 Qc4 22.Bh6 g6
23.Bxf8 Rxf8 24.Qxf3 Ne5 25.Qf4 Qe2 26.Qf2 Qxf2 27.Nxf2 Rc8 28.h3 Nc4 29.Rd7 Bf6
30.Nd1 Nxb2 31.Nxb2 Rxc3 32.Be4  0-1

[Event "Donau op"]
[Site "Vienna"]
[Date "1998.??.??"]
[Round "8"]
[White "Havlicek, Josef"]
[Black "Balinov, Ilija"]
[Result "0-1"]
[WhiteElo "2160"]
[BlackElo "2485"]

1.e4 c5 2.Nf3 e6 3.d4 cxd4 4.Nxd4 a6 5.Nc3 Qc7 6.Be3 Nc6 7.Be2 Nf6 8.O-O Be7
9.a3 O-O 10.Qd2 d6 11.f4 Rd8 12.Bf3 Ne5 13.fxe5 dxe5 14.Nxe6 Bxe6 15.Qf2 Rac8
16.Bb6 Qxb6 17.Qxb6 Bc5+ 18.Qxc5 Rxc5 19.Rad1 Rd7 20.Rf2 Kf8 21.Rfd2 Rxd2
22.Rxd2 Ke7 23.Kf2 Ne8 24.Ke1 f6 25.Kd1 Nd6 26.Be2 Rxc3 27.Rxd6 Kxd6 28.bxc3 Kc5
29.Kd2 Kb6 30.g4 g6 31.Kc1 Ka5 32.h4 h6 33.Kb2 b5 34.Kc1 Ka4 35.Kb2 Bf7 36.Bf1 Bg8
37.Bd3 Bc4 38.Bxc4 bxc4 39.h5 gxh5 40.gxh5 a5 41.Ka2 Kb5 42.Kb1 Kc5 43.Kc1 Kd6
44.Kd2 Ke6  0-1